Nghệ thuật thuyết phục và gây cảm tình /
Sách giúp đưa ra những bài thực hành giúp bạn đọc suy xét lại cách sử dụng lời nói của mình trong thời qua, đồng thời rút ra trong đó những qui tắc dùng đối phó trong những câu chuyện thường nhật hay khi hội thảo.
Uloženo v:
| Hlavní autor: | |
|---|---|
| Médium: | Kniha |
| Jazyk: | Vietnamese |
| Vydáno: |
Đông Tháp :
Nxb Tổng hợp Đồng Tháp,
1996.
|
| Témata: | |
| Tagy: |
Přidat tag
Žádné tagy, Buďte první, kdo otaguje tento záznam!
|
| Thư viện lưu trữ: | Mạng thư viện Đại học Đà Nẵng |
|---|
| LEADER | 01188cam a2200349 i 4500 | ||
|---|---|---|---|
| 001 | 000046650 | ||
| 003 | 6151 | ||
| 005 | 20030930145115.0 | ||
| 008 | 010307b1996 vm 000 vie | ||
| 020 | |c 24000 | ||
| 040 | |a IRC |c IRC |d IRC | ||
| 041 | 0 | |a vie | |
| 082 | 1 | 4 | |a 808.53 |b HO-V |
| 100 | 1 | |a Hoàng Xuân Việt. | |
| 245 | 0 | 0 | |a Nghệ thuật thuyết phục và gây cảm tình / |c Hoàng Xuân Việt. |
| 260 | |a Đông Tháp : |b Nxb Tổng hợp Đồng Tháp, |c 1996. | ||
| 300 | |a 321tr. ; |c 19cm. | ||
| 520 | 3 | |a Sách giúp đưa ra những bài thực hành giúp bạn đọc suy xét lại cách sử dụng lời nói của mình trong thời qua, đồng thời rút ra trong đó những qui tắc dùng đối phó trong những câu chuyện thường nhật hay khi hội thảo. | |
| 630 | 0 | 4 | |a Nghệ thuật nói. |
| 630 | 0 | 4 | |a Tranh luận. |
| 630 | 0 | 4 | |a Thuyết phục. |
| 650 | 0 | 4 | |a Nghệ thuật diễn thuyết. |
| OWN | |a DUT | ||
| 999 | |a From the UDN01 | ||
| TYP | |a Monograph | ||
| TYP | |a Printed language | ||
| 980 | |a Mạng thư viện Đại học Đà Nẵng | ||